<?xml version="1.0" encoding="UTF-8"?>
<record
    xmlns:xsi="http://www.w3.org/2001/XMLSchema-instance"
    xsi:schemaLocation="http://www.loc.gov/MARC21/slim http://www.loc.gov/standards/marcxml/schema/MARC21slim.xsd"
    xmlns="http://www.loc.gov/MARC21/slim">

  <leader>01945nam a2200301Ia 4500</leader>
  <controlfield tag="001">423</controlfield>
  <controlfield tag="003">OSt</controlfield>
  <controlfield tag="005">20250624150926.0</controlfield>
  <controlfield tag="008">200720b           ||||| |||| 00| 0 eng d</controlfield>
  <datafield tag="020" ind1="1" ind2=" ">
    <subfield code="a">8575421557</subfield>
  </datafield>
  <datafield tag="040" ind1=" " ind2=" ">
    <subfield code="b">por</subfield>
  </datafield>
  <datafield tag="041" ind1="1" ind2=" ">
    <subfield code="a">por</subfield>
  </datafield>
  <datafield tag="082" ind1="1" ind2=" ">
    <subfield code="a">230</subfield>
    <subfield code="b">B142j</subfield>
  </datafield>
  <datafield tag="100" ind1=" " ind2=" ">
    <subfield code="a">Baker, Mark W. </subfield>
    <subfield code="d">1965- </subfield>
  </datafield>
  <datafield tag="240" ind1=" " ind2=" ">
    <subfield code="a">The greatest psychologist who ever lived</subfield>
  </datafield>
  <datafield tag="245" ind1=" " ind2=" ">
    <subfield code="a">Jesus, o maior psic&#xF3;logo que j&#xE1; existiu /</subfield>
    <subfield code="c">Baker, Mark W., tradu&#xE7;&#xE3;o de Claudia Gerpe Duarte</subfield>
  </datafield>
  <datafield tag="260" ind1=" " ind2=" ">
    <subfield code="a">Rio de Janeiro </subfield>
    <subfield code="b">Sextante</subfield>
    <subfield code="c">2005</subfield>
  </datafield>
  <datafield tag="300" ind1=" " ind2=" ">
    <subfield code="a">191p.</subfield>
  </datafield>
  <datafield tag="520" ind1=" " ind2=" ">
    <subfield code="a">JESUS, O MAIOR PSIC&#xD3;LOGO QUE J&#xC1; EXISTIU
Jesus, o maior psic&#xF3;logo que j&#xE1; existiu faz uma abordagem original da rela&#xE7;&#xE3;o entre ci&#xEA;ncia e religi&#xE3;o, ligando os principais ensinamentos de Jesus &#xE0;s descobertas recentes da psicologia. Com base em sua experi&#xEA;ncia como terapeuta e no seu profundo conhecimento da B&#xED;blia, Mark Baker demonstra por que a mensagem de Cristo &#xE9; perfeitamente compat&#xED;vel com os princ&#xED;pios da psicologia: ela cont&#xE9;m a chave da sa&#xFA;de emocional, do bem-estar e do crescimento pessoal. Em uma linguagem simples e cativante, ele mostra que, seja qual for a nossa cren&#xE7;a religiosa ou filosofia de vida, todos podemos nos beneficiar da sabedoria daquele que, como diz o autor, foi o maior psic&#xF3;logo de todos os tempos. Organizado em dezenas de li&#xE7;&#xF5;es concisas, este livro &#xE9; uma cole&#xE7;&#xE3;o de valiosos exemplos pr&#xE1;ticos sobre como essa sabedoria comprovada pelo tempo pode nos ajudar a resolver os problemas do cotidiano, a repensar atitudes e a praticar o perd&#xE3;o, a solidariedade e a lealdade, valorizando nossas vidas e nossos relacionamentos com mais amizade e amor.</subfield>
  </datafield>
  <datafield tag="650" ind1=" " ind2="0">
    <subfield code="a">Literatura Americana</subfield>
    <subfield code="9">84</subfield>
  </datafield>
  <datafield tag="650" ind1=" " ind2="0">
    <subfield code="a">Jesus Cristo - Ensinamentos</subfield>
  </datafield>
  <datafield tag="650" ind1=" " ind2="0">
    <subfield code="a">Religi&#xE3;o</subfield>
    <subfield code="9">100</subfield>
  </datafield>
  <datafield tag="650" ind1=" " ind2="0">
    <subfield code="a">Psicologia</subfield>
    <subfield code="9">831</subfield>
  </datafield>
  <datafield tag="650" ind1=" " ind2="0">
    <subfield code="a">Cristologia</subfield>
  </datafield>
  <datafield tag="655" ind1=" " ind2="0">
    <subfield code="a">N&#xE3;o Fic&#xE7;&#xE3;o</subfield>
    <subfield code="9">102</subfield>
  </datafield>
  <datafield tag="700" ind1=" " ind2=" ">
    <subfield code="a">Claudia Gerpe Duarte</subfield>
    <subfield code="e">TRADUTORA</subfield>
    <subfield code="9">901</subfield>
  </datafield>
  <datafield tag="942" ind1=" " ind2=" ">
    <subfield code="2">ddc</subfield>
    <subfield code="c">BK</subfield>
  </datafield>
  <datafield tag="952" ind1=" " ind2=" ">
    <subfield code="0">0</subfield>
    <subfield code="1">0</subfield>
    <subfield code="2">ddc</subfield>
    <subfield code="4">0</subfield>
    <subfield code="7">0</subfield>
    <subfield code="8">NFIC</subfield>
    <subfield code="a">BIBIB</subfield>
    <subfield code="b">BIBIB</subfield>
    <subfield code="c">REL</subfield>
    <subfield code="d">2025-05-19</subfield>
    <subfield code="e">doa&#xE7;&#xE3;o</subfield>
    <subfield code="l">0</subfield>
    <subfield code="o">230 / B14j</subfield>
    <subfield code="p">2025-17352</subfield>
    <subfield code="r">2025-05-19 07:56:31</subfield>
    <subfield code="w">2025-05-19</subfield>
    <subfield code="y">BK</subfield>
  </datafield>
  <datafield tag="999" ind1=" " ind2=" ">
    <subfield code="c">423</subfield>
    <subfield code="d">423</subfield>
  </datafield>
</record>
